Organik kimya/ (Record no. 42731)
| 000 -BAŞLIK | |
|---|---|
| Sabit Uzunluktaki Kontrol Alanı | 01295nam a22003257a 4500 |
| 001 - KONTROL NUMARASI | |
| Control Dosyası | 0042908 |
| 003 - KONTROL NUMARASI KİMLİĞİ | |
| Kontrol Alanı | KOHA_MİRAKIL |
| 005 - EN SON İŞLEM TARİHİ ve ZAMANI | |
| Kontrol Alanı | 20260207003329.0 |
| 007 - FİZİKSEL TANIM SABİT ALAN - GENEL BİLGİ | |
| Sabit uzunluklu kontrol alanı | ta |
| 008 - SABİT UZUNLUKTAKİ VERİ ÖGELERİ - GENEL BİLGİ | |
| Sabit Alan | 130903b2010 tu |||gr||||#||||0|tur | |
| 020 ## - ISBN - ULUSLARARASI STANDART KİTAP NUMARASI | |
| Isbn | 9789758431877 |
| 040 ## - KATALOGLAMA KAYNAĞI | |
| Özgün Kataloglama Kurumu | TR-BiSEU |
| Kataloglama Dili | tur |
| Çeviri Kurumu | TR-BiSEU |
| Açıklama Kuralları | rda |
| 041 0# - DİL KODU | |
| Metin ya da ses kaydının dil kodu | tur |
| 044 ## - YAYINLAYAN/ÜRETEN KURULUŞUN ÜLKE KODU | |
| ISO country code | tu |
| 050 ## - SINIFLAMA ve YER NUMARASI | |
| Sınıflama Numarası | QD253.2 |
| Yer Numarası | .S65 2010 |
| 100 1# - KİŞİ ADI | |
| Yazar Adı (Kişi adı) | Solomons, Graham. |
| 245 1# - ESER ADI BİLDİRİMİ | |
| Başlık | Organik kimya/ |
| Sorumluluk Bildirimi | Graham Solomons ; Graham Solomons, Craig Fryhle; çeviri editörleri Gürol Okay, Yılmaz Yıldırır; ceviri kurulu Ahmet Akar, Hüseyin Anıl, Orhan Bilgiç, Sevim Bilgiç, Necdet Çoşkun, İsmail Gümrükçüoğlu, İbrahim Karataş, Gürol Okay, Atilla Öktemer, Refik Özkan, Hasan Seçen, Mustafa Toprak, Tahsin Uyar, Nurettin Yaylı, Mustafa Yılmaz, Yılmaz Yıldırır, Ayşe Yusufoğlu. |
| 250 ## - BASIM BİLDİRİMİ | |
| Basım Bildirimi | 7. bs. |
| 264 #1 - ÜRERİM, YAYIN, DAĞITIM ve TELİF BİLDİRİMİ | |
| Yayın yeri | İstanbul : |
| Yayınlayan | Literatür |
| Yayın tarihi | 2010 |
| 300 ## - FİZİKSEL TANIMLAMA | |
| Sayfa, Cilt vb. | XXXIV, 1258, [50] sayfa ; |
| Boyutları | 21 cm. + |
| Birlikteki Materyal | 1 CD-ROM |
| 336 ## - İÇERİK TÜRÜ | |
| Content type term | metin |
| Content type code | txt |
| Source | rdacontent |
| 337 ## - MEDYA TÜRÜ | |
| Media type term | aracısız |
| Media type code | n |
| Source | rdamedia |
| 338 ## - TAŞIYICI TÜRÜ | |
| Carrier type term | cilt |
| Carrier type code | nc |
| Source | rdacarrier |
| 490 1# - DİZİ BİLDİRİMİ | |
| Dizi Bildirimi | Literatür yayınları ; |
| Cilt Numarası | 84. |
| 500 ## - GENEL NOT | |
| Genel Not | Dizin var. |
| 650 #0 - KONU BAŞLIĞI EK GİRİŞ - KONU TERİMİ | |
| Konusal terim veya coğrafi ad | Organik kimya. |
| 9 (RLIN) | 50101 |
| 650 #0 - KONU BAŞLIĞI EK GİRİŞ - KONU TERİMİ | |
| Konusal terim veya coğrafi ad | Organic chemistry. |
| 9 (RLIN) | 50387 |
| 830 1# - SERİ EK GİRİŞİ - TEKBİÇİM ESER ADI | |
| Tekbiçim Başlık | Literatür yayınları ; |
| Volume number/sequential designation | 84. |
| 9 (RLIN) | 2210 |
| 942 ## - EK GİRİŞ ÖGELERİ (KOHA) | |
| Source of classification or shelving scheme | Library of Congress Classification |
| Koha item type | Book |
| Materyal Türü | Kalıcı Konum | Mevcut Konum | Raf Yeri | Sınıflandırma Kaynağı | Edinim Bilgisi | Ana Konular | Alt Konular | Yer Numarası | Demirbaş Numarası | Fatura Tarihi | Maliyet, Alış Fiyatı | Maliyet, Yenileme Fiyatı | Geri Çekilme Durumu | Kayıp Durumu | Hasarlı Durumu | Kredi için değil | Kayıt Tarih | Toplam Ödünçverme | Son Görülme Tarihi | Son Kontrol Tarihi | Satın Alma Notu |
|---|---|---|---|---|---|---|---|---|---|---|---|---|---|---|---|---|---|---|---|---|---|
| Book | Prof. Dr. Azmi Özcan Kütüphanesi | Prof. Dr. Azmi Özcan Kütüphanesi | Birûni Salonu | Library of Congress Classification | Satın | BİLİM | Kimya | QD253.2 .S65 2010 | 0042908 | 24/09/2013 | 80.50 | 80.50 | Ciltte | 30/07/2013 | 4 | 28/11/2025 | 28/11/2025 | 73291-73383 (92 sayfa) | |||
| Book | Prof. Dr. Azmi Özcan Kütüphanesi | Prof. Dr. Azmi Özcan Kütüphanesi | Birûni Salonu | Library of Congress Classification | Satın | BİLİM | Kimya | QD253.2 .S65 2010 | 0044723 | 24/09/2013 | 80.50 | 80.50 | 03/09/2013 | 12 | 18/03/2026 | 25/02/2026 | 73291-73383 (92 sayfa) |
